01677nam a22004097a 4500003000500000005001700005008004100022010001000063011001000073035001000083040000900093090001000102100003300112245017800145260003700323300001100360502015100371590003700522590004100559590004100600590004100641590004100682590004100723590004100764590004200805650004000847650003600887650003300923650003300956650003100989650004201020901000701062942001001069949004301079999001701122952012801139CHAP20220329140933.0971013s1995 r 00010 d a60054 a61026 a65190 cCHAP aTesis00aAldape Botello, Jaime.93689 aFertilización nitrogenada y fosfórica de maíz criollo (Zea mays) variedad blanco olote colorado en riego y riego limitado, verano 1984, ejido San Rafael, Linares, N.L. aMarín, N.L. :bEl autor,c1995 a261 h. aTesis (M.C. en Producción Agrícola) -- Universidad Autónoma de Nuevo León. Facultad de Agronomía. Subdirección de Estudios de Posgrado aALEPHb10c20130110lUCH01h1339 aBATCH-UPDb10c20130110lUCH01h0303 aBATCH-UPDb10c20130110lUCH01h1448 aBATCH-UPDb10c20130409lUCH01h2335 aBATCH-UPDb10c20130410lUCH01h1502 aBATCH-UPDb10c20130914lUCH01h0005 aBATCH-UPDb10c20130914lUCH01h1630 aCONVERSIONb10c20130109lUCH01h133214aFósforoxEfecto en maíz.94224314aMaízxFertilización.97095614aMaízxIrrigación.97099814aMaízxNuevo León.97102914aMaízxVariedades.97108114aNitrógenoxEfecto en maíz.981447 aBK cTESIS bBCcTESd-144482eTS1h29017i65190si c60054d60054 00102local4051708TESISaBCbBCcPA_TESISd2019-12-31fTESISl0oTesisp-144482r2019-12-31 00:00:00w2019-12-31yTESIS